Design of steel structures: including applications in aluminum

I tiakina i:
Ngā taipitopito rārangi puna kōrero
Ngā kaituhi matua: Gaylord, Edwin Henry (Author), Gaylord, Charles N (Author)
Hōputu: Pukapuka
Reo:Ingarihi
I whakaputaina: Nueva York McGraw-Hill 1957
Rangatū:McGraw-Hill engineering series
Ngā marau:
Ngā Tūtohu: Tāpirihia he Tūtohu
Kāore He Tūtohu, Me noho koe te mea tuatahi ki te tūtohu i tēnei pūkete!

MARC

LEADER 00000nam a2200000 a 4500
001 UCP1127
003 CL-VaPUC
008 990326e19570000US |||||||||||||||||eng|d
082 0 4 |a 624.1821  |b GAY  |2 21 
100 |a Gaylord, Edwin Henry  |e author  |9 498274 
700 |a Gaylord, Charles N  |e author  |9 498275 
245 1 0 |a Design of steel structures: including applications in aluminum 
300 |a 540 p 
942 |c BK 
945 |d 19990326 00:00:00  |a lriquelm 
260 |a Nueva York  |b McGraw-Hill  |c 1957 
650 0 |a Construcciones metálicas  |9 267978 
650 7 |a CONSTRUCIONES DE ALUMINIO  |2 CL-VaPUC  |9 426955 
583 |a last modification  |c 19990326 00:00:00  |k Rodrigo Vera 
490 0 |a McGraw-Hill engineering series 
999 |c 279839  |d 279837 
952 |0 0  |1 0  |4 0  |6 624_182100000000000_GAY_1957  |7 0  |8 P  |9 319661  |a BIBMEC  |b BIBMEC  |d 2019-11-20  |i 1335723  |o 624.1821 GAY 1957  |p 1335723  |r 2019-11-20  |w 2019-11-20  |y BK  |k MEC 
952 |0 0  |1 0  |4 0  |6 624_182100000000000_GAY_1957  |7 0  |8 P  |9 319662  |a BIBARQ  |b BIBARQ  |d 2019-11-20  |i 2659603  |o 624.1821 GAY 1957  |p 2659603  |r 2025-01-20  |w 2019-11-20  |y BK  |k ARQ